000 00568pab a2200193 454500
008 180718b1999 xxu||||| |||| 00| 0 eng d
100 _aPuhazhendhi, V.
245 _aIncreasing women's participation and employment generation among rural poor: an approach through informal groups
260 _c1999
300 _ap.287-95
362 _aJul-Sep
650 _aEmployment
650 _aRural poor
650 _aWomens participation
650 _aWomen workers
700 _aJayaraman, B.
773 _aIndian Journal of Agricultural Economics
909 _a43133
999 _c43133
_d43133